| 000 | 00959nam a2200217 a 4500 | ||
|---|---|---|---|
| 005 | 20170725090554.0 | ||
| 008 | 140317b2004 ck |||||rm||| 00| 0 spa d | ||
| 040 |
_aCO-BoIAVH _cCO-BoIAVH |
||
| 041 | _aspa | ||
| 044 | _ack | ||
| 090 |
_aTE _b0156 |
||
| 100 | 1 | _aMontero Serrano, Carlos René | |
| 245 | 1 | 0 |
_aElementos de uso y manejo de la fauna silvestre asociada a la actividad de cacería por parte de campesinos de la zona andina: _bestudio de caso desarrollado en el municipio de Mogotes Santander Colombia |
| 260 |
_aBogotá: _bPontificia Universidad Javeriana, Facultad de Estudios Ambientales y Rurales, _c2004. |
||
| 300 |
_a130 Paginas _c28 cm. |
||
| 650 | 4 |
_aFauna silvestre _zMogotes (Municipio) _zSantander (Colombia) |
|
| 650 | 4 |
_aCacería _zMogotes (Municipio) _zSantander (Colombia) |
|
| 700 | 1 |
_aBaptiste-Ballera, Luis Guillermo _edirector |
|
| 700 | 1 |
_aVargas Tovar, Nancy _eco-director |
|
| 942 |
_cTESIS _2z |
||
| 999 |
_c4546 _d4546 |
||